<?xml version="1.0" encoding="UTF-8"?>
<marc:record xmlns:marc="http://www.loc.gov/MARC21/slim">
   <marc:leader>00000nam a2200000 a 4500</marc:leader>
   <marc:datafield ind1="1" ind2=" " tag="100">
      <marc:subfield code="a">Springer, Nancy</marc:subfield>
      <marc:subfield code="4">aut</marc:subfield>
      <marc:subfield code="e">Verfasser/-in</marc:subfield>
   </marc:datafield>
   <marc:datafield ind1=" " ind2=" " tag="653">
      <marc:subfield code="a">Jugendbücher ab 12 Jahre</marc:subfield>
   </marc:datafield>
   <marc:datafield ind1="0" ind2="0" tag="245">
      <marc:subfield code="a">Ein Enola Holmes Krimi- Der Fall des verschwundenen Lords</marc:subfield>
   </marc:datafield>
   <marc:datafield ind1="0" ind2="0" tag="245">
      <marc:subfield code="b">Band 1</marc:subfield>
   </marc:datafield>
   <marc:datafield ind1="0" ind2="0" tag="245">
      <marc:subfield code="c">Springer, Nancy</marc:subfield>
   </marc:datafield>
   <marc:datafield ind1=" " ind2="1" tag="264">
      <marc:subfield code="a">München</marc:subfield>
      <marc:subfield code="b">Knesebeck</marc:subfield>
      <marc:subfield code="c">2024</marc:subfield>
   </marc:datafield>
   <marc:datafield ind1="1" ind2=" " tag="490">
      <marc:subfield code="a">Ein Enola Holmes Krimi</marc:subfield>
      <marc:subfield code="v">Band 1</marc:subfield>
   </marc:datafield>
   <marc:datafield ind1=" " ind2=" " tag="250">
      <marc:subfield code="a">Deutsche Erstausgabe</marc:subfield>
   </marc:datafield>
   <marc:datafield ind1="1" ind2=" " tag="520">
      <marc:subfield code="a">Das Buch zum Netflix-Film mit Millie Bobby Brown, Henry Cavill und Helena Bonham Carter &#xD;
  &#xD;
Anders als ihre berühmten älteren Brüder Sherlock und Mycroft führt Enola Holmes ein freies aber abgeschiedenes Leben auf dem Land – bis eines Tages ihre Mutter verschwindet und ihr neben versteckten Banknoten auch einige verschlüsselte Hinweise hinterlässt. Heimlich macht sich Enola auf den Weg ins düstere viktorianische London, um ihre Mutter zu suchen. Doch dort wird sie in die Entführung eines jungen Lords verwickelt und muss in zwielichtigen Gegenden vor mörderischen Gaunern fliehen – immer auf der Hut vor ihren scharfsinnigen Brüdern, die sie zur Erziehung in ein Internat stecken wollen. Wird sie es zwischen all dem Chaos schaffen, die Hinweise zu entschlüsseln und gleichzeitig dem Internat zu entkommen? Der erste Band einer rasant spannenden Buch-Serie über die sympathische kleine Schwester von Meisterdetektiv Sherlock Holmes. &#xD;
  &#xD;
 </marc:subfield>
   </marc:datafield>
   <marc:datafield ind1=" " ind2=" " tag="020">
      <marc:subfield code="a">9783957282606</marc:subfield>
      <marc:subfield code="9">9783957282606</marc:subfield>
   </marc:datafield>
   <marc:datafield ind1=" " ind2=" " tag="020">
      <marc:subfield code="a">3957282608</marc:subfield>
      <marc:subfield code="9">3957282608</marc:subfield>
   </marc:datafield>
   <marc:datafield ind1=" " ind2=" " tag="041">
      <marc:subfield code="a">ger</marc:subfield>
   </marc:datafield>
   <marc:datafield ind1="0" ind2=" " tag="490">
      <marc:subfield code="v">Band 1</marc:subfield>
   </marc:datafield>
   <marc:datafield ind1="1" ind2=" " tag="521">
      <marc:subfield code="a">Jugend</marc:subfield>
   </marc:datafield>
   <marc:datafield ind1=" " ind2=" " tag="338">
      <marc:subfield code="a">Band</marc:subfield>
   </marc:datafield>
   <marc:datafield ind1=" " ind2=" " tag="300">
      <marc:subfield code="a">189 Seiten</marc:subfield>
   </marc:datafield>
</marc:record>
